000 nam a22 7a 4500
999 _c9710
_d9710
008 180206b ||||| |||| 00| 0 eng d
100 _aKincaid, L
_95818
245 _aDragon and the Rabbits
260 _aEngland
_bBrimark Book